00308nam a2200133Ia 4500003000400000005001700004008004100021020001900062040002000081100001700101245003200118260001500150260000900165OSt20240222165152.0170524s9999 xx 000 0 und d a978-8174886293 cIIMT UNIVERSITY aSinha - P.C. 0aEcotourism and Mass Tourism bAnmol Pub. c1998